Лешниковата гора (Запис номер 328140)
[ съкратено ]
| 000 -Лидер | |
|---|---|
| Контролно поле с фиксирана дължина | 00900nam a22002657a 4500 |
| 003 - Код на организацията, давaща контролен номер | |
| Контролно поле | BLK |
| 005 - Дата и час на последна редакция | |
| Контролно поле | 20231103005247.0 |
| 008 - Елементи от данни с фиксирана дължина | |
| fixed length control field | 181218b bu ||||| |||| 00| 0 bu d |
| 020 ## - Международен стандартен номер на книга ISBN | |
| Международен стандартен номер на книга ISBN | 9789543894895 |
| 040 ## - Източник на каталожния запис | |
| Идентификатор на билиотеката - собственик на записа | BLK |
| 041 ## - Код за език | |
| Код за езика на текст/звукозапис или на отделно заглавие | Български |
| Код за езика КДБФ | Български |
| 080 ## - УДК | |
| Текстов определител УДК | Американска литература (на САЩ) |
| УДК код - определител по УДК | 821.111(73) |
| УДК - код + определител | 821.111(73)-31 |
| УДК определител | -31 |
| 100 ## - Редна дума - Автор | |
| Автор | Албърт, Мелиса |
| Авторска отговорност | първи автор |
| R(LIN) | 1299 |
| 139 ## - Редно поле | |
| Редна дума | Албърт, Мелиса |
| Авторски знак | Алб - А 47 |
| 245 ## - Сведения за заглавието | |
| Заглавие | Лешниковата гора |
| Редно поле (дума) | Мелиса Албърт; прев. от англ. Юлия Чернева |
| 260 ## - Област на издателските данни | |
| 9 (RLIN) | 209478 |
| Място на издаване, разпространение и проч. | София |
| Име на издателя, разпространителя и проч. | Ера |
| Година на издаване | 2018 |
| 300 ## - Физическа характеристика | |
| Страници | 360 с. |
| Размери/Мащаб | 21 см |
| 380 ## - Жанр | |
| Жанр | Худож. лит. |
| 700 ## - Други автори (авторска отговорност) | |
| Лично име | Чернева, Юлия Недкова |
| Дати, свързани с автора | 1955- |
| 9 (RLIN) | 365526 |
| 852 ## - Местоположение | |
| Фондова буква | Заемна - подръчен фонд |
| Систематично-азбучна сигнатура | П 820(73)-31/А 47 |
| 999 ## - СИСТЕМНИ КОНТРОЛНИ НОМЕРА | |
| Koha biblionumber | 328140 |
| Koha biblioitemnumber | 328140 |
| 942 ## - АРТИКУЛИ | |
| Скрит в OPAC | Не |
| Вид на библиотечния материал | Книги |
| Koha issues (borrowed), all copies | 22 |
| Периодичен библиозапис | Да |
| 999 ## - СИСТЕМНИ КОНТРОЛНИ НОМЕРА | |
| Koha biblioitemnumber | 328140 |
| 999 ## - СИСТЕМНИ КОНТРОЛНИ НОМЕРА | |
| Koha biblioitemnumber | 328140 |
| 944 ## - СЪЗДАВАНЕ И РЕДАКЦИЯ на ЗАПИСА | |
| Служител, извършил регистрацията/редакцията | |
| Статус, дата на статуса | CRON CRON |
| Код за отписване | Код за изгубен артикул | Източник на класификационната схема | Код за повреда | Код за отдаване | Артикулен № | Име на библиотеката - собственик | Име на библиотеката, в която се намира в момента | Статус (Текущо местоположение) | Дата на вписване в системата | Местоположение - отдел | Цена в лева | Систематично азбучна сигнатура | Баркод | Цена в евро | Служебен тип на артикула | Коз за рестрикции |
|---|---|---|---|---|---|---|---|---|---|---|---|---|---|---|---|---|
| Не е изгубен | Universal Decimal Classification | Не е повреден | заемане за дома | 687796 | Регионална библиотека "Любен Каравелов" Русе | Регионална библиотека "Любен Каравелов" Русе | Заемна - подръчен фонд | 2018-12-27 | Заемна - подръчен фонд | 15.99 | П 820(73)-31/А 47 | 120000828650 | 8.18 | Книги | ||
| Не е изгубен | Universal Decimal Classification | Не е повреден | ползва се в читалня | 731365 | Регионална библиотека "Любен Каравелов" Русе | Регионална библиотека "Любен Каравелов" Русе | Хранилище | 2019-08-01 | Хранилище | 15.99 | Цб 296009 | 120000834865 | 8.18 | Книги | ||
| Не е изгубен | Universal Decimal Classification | Не е повреден | заемане за дома | 800077 | Регионална библиотека "Любен Каравелов" Русе | Регионална библиотека "Любен Каравелов" Русе | Заемна - подръчен фонд | 2020-09-18 | Заемна - подръчен фонд | 11.19 | 821-31/А 47 М | 120000847529 | 5.72 | Книги | без рестрикции |